Shop Titans Hero Classes - Statistics

General Stats
  • This quiz has been taken 5 times
  • The average score is 17 of 21
Answer Stats
Answer % Correct
Berserker / Jarl
100%
Dancer / Acrobat
100%
Dark Knight / Death Knight
100%
Druid / Arch Druid
100%
Geomancer / Astramancer
100%
Knight / Lord
100%
Mage / Archmage
100%
Monk / Grandmaster
100%
Thief / Trickster
100%
Barbarian / Chieftain
80%
Chronomancer / Fateweaver
80%
Musketeer / Conquistador
80%
Ninja / Sensei
80%
Soldier / Mercenary
80%
Spellblade / Spellknight
80%
Velite / Praetorian
80%
Wanderer / Pathfinder
80%
Cleric / Bishop
60%
Sorcerer / Warlock
60%
Ranger / Warden
40%
Samurai / Daimyo
40%
No matching quizzes found
Score Distribution
Percent of People with Each Score
Percentile by Number Answered
Your Score History
You have not taken this quiz